| 000 | 00732nam a22001817a 4500 | ||
|---|---|---|---|
| 005 | 20140411124020.0 | ||
| 010 | _aENG-109290 | ||
| 020 |
_a9788172543488 _c300.00 |
||
| 035 | _aEN-92823 | ||
| 037 | _bDBAD/PUB | ||
| 082 | _a000 | ||
| 100 | _aSubburaj, V.V.K. | ||
| 245 |
_aSSC recruitment of sub-inspectors in Delhi police, CAPFs and assistant sub-inspectors in CISF and intelligence officer in NCB examination : _cby V.V.K. Subburaj _bprevious year (2011) original quesitons paper with answer included / |
||
| 260 |
_aChennai _bSura College of Competition _c2013 |
||
| 270 |
_a1620, 'J' Block, 16th Main Road, Anna Nagar _bChennai _e600040 |
||
| 300 |
_avaroius pagings _c25cm(pbk) |
||
| 942 |
_2ddc _cEN _mSUB _h000 |
||
| 999 |
_c82460 _d82460 |
||